Children's Illustrated Dictionary / (Record no. 9027)

MARC details
000 -LEADER
fixed length control field 00831nam a22002297a 4500
001 - CONTROL NUMBER
control field 9027
003 - CONTROL NUMBER IDENTIFIER
control field FISKH
005 - DATE AND TIME OF LATEST TRANSACTION
control field 20251114114613.0
008 - FIXED-LENGTH DATA ELEMENTS--GENERAL INFORMATION
fixed length control field 251114b cb ||||| |||| 00| 0 eng d
020 ## - INTERNATIONAL STANDARD BOOK NUMBER
International Standard Book Number 9781409337027
040 ## - CATALOGING SOURCE
Original cataloging agency FISKH
Language of cataloging eng
Transcribing agency FISKH
Modifying agency FISKH
050 ## - LIBRARY OF CONGRESS CALL NUMBER
Classification number PE1628 .M39
082 ## - DEWEY DECIMAL CLASSIFICATION NUMBER
Classification number 423
100 ## - MAIN ENTRY--PERSONAL NAME
Personal name McIlwain, John
245 ## - TITLE STATEMENT
Title Children's Illustrated Dictionary /
Statement of responsibility, etc. By John McIlwain
260 ## - PUBLICATION, DISTRIBUTION, ETC.
Place of publication, distribution, etc. London :
Name of publisher, distributor, etc. Dorling Kinersley ,
Date of publication, distribution, etc. 1994.
300 ## - PHYSICAL DESCRIPTION
Extent 256 pages :
Other physical details color illustrations ;
Dimensions 27 cm .
520 ## - SUMMARY, ETC.
Summary, etc. A revised and updated edition features new photography and added words that comprise core vocabulary while placing relevant terms in visual contexts and sections that reinforce grammar, spelling, and punctuation.
700 ## - ADDED ENTRY--PERSONAL NAME
Personal name Corbett, Grahame
Relator term Illustrator
942 ## - ADDED ENTRY ELEMENTS (KOHA)
Source of classification or shelving scheme Dewey Decimal Classification
Koha item type Books
Suppress in OPAC No
Holdings
Withdrawn status Lost status Source of classification or shelving scheme Damaged status Not for loan Collection Home library Current library Shelving location Date acquired Total Checkouts Full call number Barcode Date last seen Date last checked out Copy number Price effective from Koha item type
    Dewey Decimal Classification     Reference Footprints International School Library Network Toul Tom Poung Campus Footprints International School Library Network Toul Tom Poung Campus Librarian's Shelf TTP 11/14/2025 1 MCI 423 PE1628 .M39 2025-4803 02/05/2026 02/05/2026 1 11/14/2025 Books
    Dewey Decimal Classification     Reference Footprints International School Library Network Toul Tom Poung Campus Footprints International School Library Network Toul Tom Poung Campus Librarian's Shelf TTP 11/14/2025   MCI 423 PE1628 .M39 2025-4804 11/14/2025   2 11/14/2025 Books